000 00364 a2200169 4500
001 182197
020 _a85-01-06286-3
040 _cMagnum
100 _aAndrade, Carlos Drummond de
240 1 0 _aAntologia poética
_lpor
245 1 0 _aAntologia poética
300 _a414
362 0 _a2003
440 1 _aRecord
697 _aLITERATURA GERAL
942 _cBK
999 _c182197
_d182197